England National Football Team Players: I & J - Statistics

General Stats
  • This quiz has been taken 10 times
  • The average score is 23 of 37
Answer Stats
Caps Goals First Cap Last Cap Player % Correct
12 2 2010 2012 Adam Johnson
100%
8 0 2005 2007 Andrew Johnson
100%
6 1 2024 2025 Curtis Jones
100%
8 6 1975 1980 David Johnson
100%
8 0 1992 1995 Rob Jones
100%
1 0 2000 2000 Seth Johnson
100%
5 5 1926 1932 Tommy Johnson
100%
3 0 1882 1883 Alf Jones
86%
2 0 1950 1950 Bill Jones
86%
9 3 1924 1932 David Jack
86%
53 0 1997 2010 David James
86%
2 2 1880 1884 Edward Johnson
86%
1 0 1891 1891 Elphinstone Jackson
86%
54 1 2003 2014 Glen Johnson
86%
6 1 1900 1903 Harry Johnson
86%
1 0 1923 1923 Harry Jones
86%
6 0 1927 1928 Herbert Jones
86%
5 2 1936 1937 Joe Johnson
86%
3 0 1965 1970 Mick Jones
86%
27 0 2011 2018 Phil Jones
86%
1 0 1901 1901 William Jones
86%
22 1 2020 2025 Reece James
71%
10 0 1946 1953 Harry Johnston
57%
53 2 1992 2000 Paul Ince
57%
1 1 2003 2003 Francis Jeffers
43%
40 3 2008 2016 Phil Jagielka
43%
4 0 2021 2023 Sam Johnstone
43%
1 0 2012 2012 Carl Jenkinson
29%
3 1 2015 2020 Danny Ings
29%
1 0 2022 2022 James Justin
29%
1 0 2011 2011 Matt Jarvis
29%
21 1 2003 2009 Jermaine Jenas
14%
3 0 1901 1902 Beaumont Jarrett
0%
2 0 1954 1955 Bedford Jezzard
0%
1 0 1936 1936 Bernard Joy
0%
2 0 1912 1912 Frank Jefferis
0%
2 0 1901 1902 James Iremonger
0%
No matching quizzes found
Score Distribution
Percent of People with Each Score
Percentile by Number Answered
Your Score History
You have not taken this quiz